00339nam a2200121Ia 4500008004100000041000800041082001500049100001800064245004500082260005100127300003000178365000900208240624s9999 xx 000 0 und d aeng a363.12 VAU aVAUGHAN DIANE aCHALLENGER LAUNCH DECISION RISKY TECHNOL c1996aChicagobThe University of Chicago Press axv, : 575 : p. : cm. ; 26 cb26